000 00524nam a2200205Ia 4500
003 OSt
005 20220107122656.0
008 130318s9999 xx 000 0 und d
020 _a9788126520107
040 _cIIITM-K
082 _a006.3 ANA/F
100 _aAnami, Basavaraj S
_91227
245 _aFormal languages and automata theory
260 _bWiley
_aNew Delhi
_c2011
300 _a236
650 _aALGORITHMS
_91228
650 _aMATHEMATICAL MODELS
_91229
700 _aKaribasappa, K G
_91230
942 _2ddc
_cBK
999 _c2316
_d2316